[Event "Xtracon Chess Open 2018"]
[Site "Elsinore"]
[Date "2018.07.23"]
[Round "4"]
[White "Kopperberg, Steen"]
[Black "Keymer, Cecilia"]
[Result "1-0"]
[WhiteElo "1856"]
[BlackElo "1380"]
[EventDate "2018.07.21"]
[WhiteFideId "1433768"]
[BlackFideId "16233468"]

1.d4 d5 2.Nf3 Nf6 3.c3 Bf5 4.Bg5 c6 5.Bxf6 exf6 6.e3 Bd6 7.Bd3 Be6 8.Nbd2 
O-O 9.O-O Nd7 10.Re1 Nb6 11.a4 a5 12.Qc2 h6 13.Reb1 Qc7 14.b4 Rfb8 15.bxa5
Rxa5 16.c4 dxc4 17.Nxc4 Nxc4 18.Bxc4 Bxc4 19.Qxc4 Rba8 20.Rc1 b5 21.Qxc6 
Rxa4 22.Qxa8+ Kh7 23.Rxc7 Rxa8 24.Rxa8 Bxc7 1-0

[Event "Xtracon Chess Open 2018"]
[Site "Elsinore"]
[Date "2018.07.23"]
[Round "4"]
[White "Sundin, Sven-Ingvar"]
[Black "Pedersen, Lars Wisler"]
[Result "0-1"]
[WhiteElo "1567"]
[BlackElo "1856"]
[EventDate "2018.07.21"]
[WhiteFideId "1724517"]
[BlackFideId "1417045"]

1.e4 c5 2.c3 d5 3.exd5 Qxd5 4.d4 cxd4 5.cxd4 e6 6.Nf3 Nf6 7.Bd3 Nc6 8.Be3 
Bb4+ 9.Nc3 e5 10.dxe5 Bxc3+ 11.bxc3 Nxe5 12.Nxe5 Qxe5 13.Rc1 O-O 14.O-O 
Ng4 15.g3 Nxe3 16.fxe3 Qxe3+ 17.Rf2 Bh3 18.Rc2 Rad8 19.Rd2 g6 20.Bf1 Rxd2 
21.Qxd2 Qxd2 22.Rxd2 Bxf1 23.Kxf1 f5 24.Rd7 Rf7 25.Rd8+ Kg7 26.Rc8 Kf6 27.
Ke2 Kg5 28.Kf3 Rd7 29.h4+ Kf6 30.Kf4 Re7 31.Rc4 h6 32.Rc8 g5+ 33.hxg5+ 
hxg5+ 34.Kf3 g4+ 35.Kf2 Re5 36.Rc7 Re7 37.Rc8 b6 38.Rf8+ Kg6 39.Rg8+ Kf7 
40.Rc8 Ke6 41.c4 Kd7 42.Rf8 Ke6 43.Rc8 Kd6 44.Rf8 Re5 45.Rc8 Rc5 46.Ra8 
Ra5 47.Rd8+ Ke5 48.Rd2 Ra4 49.Rc2 Kd4 50.c5 bxc5 51.Rd2+ Kc3 0-1

[Event "Xtracon Chess Open 2018"]
[Site "Elsinore"]
[Date "2018.07.23"]
[Round "4"]
[White "Amin, Idris"]
[Black "Ji, Jiabao Eivind"]
[Result "1-0"]
[WhiteElo "1855"]
[BlackElo "1250"]
[EventDate "2018.07.21"]
[WhiteFideId "1746022"]
[BlackFideId "1540882"]

1.d4 Nf6 2.Bf4 g6 3.e3 Bg7 4.Nf3 d6 5.Be2 Nbd7 6.O-O O-O 7.h3 b6 8.c3 Bb7 
9.Nbd2 Rc8 10.Qa4 a5 11.Rac1 e6 12.Ne1 h6 13.Nc2 Qe7 14.b4 axb4 15.Nxb4 e5
16.Bg3 Ne4 17.Nxe4 Bxe4 18.Nc6 Bxc6 19.Qxc6 f5 20.Rfe1 Nb8 21.Qb7 Nd7 22.
Bb5 g5 23.Qd5+ Kh8 24.Bxd7 Qxd7 25.dxe5 f4 26.exf4 gxf4 27.Bh4 Rce8 28.e6 
Qa4 29.e7 Rg8 30.Qf7 f3 31.Bf6 Bxf6 32.Qxf6+ Kh7 33.Qxf3 Qxa2 34.Qf5+ Kh8 
35.Re6 Qxe6 36.Qxe6 1-0

[Event "Xtracon Chess Open 2018"]
[Site "Elsinore"]
[Date "2018.07.23"]
[Round "4"]
[White "Gabrielsen, Rasmus Arvola"]
[Black "Ufnarovski, Victor"]
[Result "0-1"]
[WhiteElo "1546"]
[BlackElo "1854"]
[EventDate "2018.07.21"]
[WhiteFideId "1531190"]
[BlackFideId "1743856"]

1.d4 d5 2.c4 e6 3.Nc3 c5 4.cxd5 cxd4 5.Qxd4 Nc6 6.Qd1 exd5 7.Qxd5 Bd7 8.a3
Nf6 9.Qd1 Bc5 10.Nf3 Qe7 11.e3 O-O-O 12.Be2 Bh3 13.Qc2 Bxg2 14.Rg1 Bxf3 
15.Qf5+ Rd7 16.Qxf3 Rhd8 17.Kf1 Qe6 18.Kg2 g5 19.Kf1 g4 20.Qg2 Ne5 21.b4 
Bb6 22.Rb1 Nf3 23.Rh1 Qe5 24.Bxf3 gxf3 25.Qxf3 Qxc3 26.Bb2 Qd3+ 27.Kg2 
Rg8+ 28.Kh3 Ne8 29.Rbc1+ Bc7 30.Rhd1 Qg6 31.Qf4 Qh5+ 32.Qh4 Qf5+ 0-1

[Event "Xtracon Chess Open 2018"]
[Site "Elsinore"]
[Date "2018.07.23"]
[Round "4"]
[White "Narheim, Mats"]
[Black "Stam, Bart"]
[Result "1/2-1/2"]
[WhiteElo "1544"]
[BlackElo "1845"]
[EventDate "2018.07.21"]
[WhiteFideId "1518607"]
[BlackFideId "1006240"]

1.e4 c5 2.Nc3 Nc6 3.Bb5 Nd4 4.Bc4 g6 5.d3 Bg7 6.Be3 a6 7.Qd2 b5 8.Bd5 Rb8 
9.Nge2 e6 10.Bb3 Qc7 11.O-O Ne7 12.Bf4 d6 13.Nxd4 cxd4 14.Ne2 O-O 15.Bh6 
Qc5 16.Bxg7 Kxg7 17.Ng3 Bd7 18.Rfe1 Nc6 19.e5 dxe5 20.Nh5+ gxh5 21.Qg5+ 
Kh8 22.Qf6+ Kg8 23.Qg5+ Kh8 1/2-1/2

[Event "Xtracon Chess Open 2018"]
[Site "Elsinore"]
[Date "2018.07.23"]
[Round "4"]
[White "Kharraziha, Hamid"]
[Black "Jonsson, Olafur Gisli"]
[Result "0-1"]
[WhiteElo "1502"]
[BlackElo "1844"]
[EventDate "2018.07.21"]
[WhiteFideId "1726862"]
[BlackFideId "2302705"]

1.e4 d6 2.f4 Nf6 3.Nc3 c6 4.Nf3 Bg4 5.Be2 Bxf3 6.Bxf3 e5 7.d4 Nbd7 8.fxe5 
dxe5 9.Be3 Qc7 10.Ne2 Be7 11.c3 O-O 12.O-O Rfe8 13.Ng3 a5 14.a4 Bf8 15.Qb3
c5 16.Rae1 Rac8 17.dxc5 Bxc5 18.Bxc5 Nxc5 19.Qb5 Qc6 20.Qxa5 Ra8 21.Qb5 
Rxa4 22.Qxc6 bxc6 23.b4 Ne6 24.Ra1 Rea8 25.Rxa4 Rxa4 26.Rd1 Ra8 27.Nf5 Kf8
28.Rd6 g6 29.Ne3 Rc8 30.Nc4 Ke7 31.Rd2 Nd7 32.Kf2 Rc7 33.Ke3 f5 34.g4 f4+ 
35.Kf2 Rb7 36.Bd1 Ng5 37.Bc2 Nf7 38.Na5 Rc7 39.Ba4 Nb8 40.h4 Nd6 41.Kf3 c5
42.Rd3 cxb4 43.cxb4 Rc1 44.Bd1 Na6 45.Rd5 Rc3+ 46.Kg2 Nxb4 47.Rxe5+ Kf6 
48.Rb5 Nxb5 0-1

[Event "Xtracon Chess Open 2018"]
[Site "Elsinore"]
[Date "2018.07.23"]
[Round "4"]
[White "Sjol, Henrik"]
[Black "Tummasarson, Flovin M."]
[Result "1-0"]
[WhiteElo "1841"]
[BlackElo "1237"]
[EventDate "2018.07.21"]
[WhiteFideId "1505629"]
[BlackFideId "7202431"]

1.d4 d5 2.Bf4 Nf6 3.e3 Bf5 4.Bd3 Bxd3 5.Qxd3 e6 6.Nf3 Bd6 7.Bg3 b6 8.Nbd2 
O-O 9.c3 c5 10.Ne5 Qc7 11.O-O Nc6 12.f4 Rfe8 13.Rae1 c4 14.Qc2 b5 15.e4 
dxe4 16.Nxe4 Bxe5 17.fxe5 Nd5 18.Nd6 Re7 19.Nxb5 Qa5 20.Nd6 Qxa2 21.Qf2 
Rf8 22.Bh4 Rd7 23.Ne4 Nce7 24.Nc5 Rdd8 25.Re4 h6 26.Bxe7 Nxe7 27.Rf4 Nd5 
28.Rxf7 1-0

[Event "Xtracon Chess Open 2018"]
[Site "Elsinore"]
[Date "2018.07.23"]
[Round "4"]
[White "Ji, Jiahao Eric"]
[Black "Matras, Ove"]
[Result "1-0"]
[WhiteElo "1463"]
[BlackElo "1839"]
[EventDate "2018.07.21"]
[WhiteFideId "1533371"]
[BlackFideId "1416790"]

1.e4 c6 2.d4 d5 3.exd5 cxd5 4.Bd3 Nc6 5.c3 g6 6.Nf3 Nf6 7.Nbd2 Bg7 8.Nb3 
O-O 9.O-O Bg4 10.h3 Bf5 11.Bf4 Qc8 12.Re1 Bxd3 13.Qxd3 Qf5 14.Qxf5 gxf5 
15.Ne5 e6 16.Nc5 Nh5 17.Bh2 Nxe5 18.Bxe5 Bxe5 19.Rxe5 Nf4 20.Re3 Rfd8 21.
h4 Kf8 22.g3 Ng6 23.a4 f4 24.Rf3 Ke7 25.h5 b6 26.Nd3 Nf8 27.Rxf4 a5 28.Ne5
f5 29.Nc6+ Kd6 30.Nxd8 Rxd8 31.g4 fxg4 32.Rxg4 Nd7 33.Re1 Nf6 34.Rf4 Rg8+ 
35.Kf1 Nxh5 36.Rh4 Rg5 37.Re5 Rxe5 38.dxe5+ Kc5 39.Rxh5 d4 40.Rxh7 d3 41.
f4 Kc4 42.f5 Kb3 43.Rd7 Kc2 1-0

[Event "Xtracon Chess Open 2018"]
[Site "Elsinore"]
[Date "2018.07.23"]
[Round "4"]
[White "Fjallheim, Benjamin Reinert"]
[Black "Aase, Olav Idar"]
[Result "0-1"]
[WhiteElo "1375"]
[BlackElo "1832"]
[EventDate "2018.07.21"]
[WhiteFideId "7202008"]
[BlackFideId "1502646"]

1.e4 c5 2.Nf3 Nc6 3.d4 cxd4 4.Nxd4 Nf6 5.Nc3 d6 6.Be3 Ng4 7.Bc1 Qb6 8.Bb5 
Bd7 9.Bxc6 bxc6 10.f3 Ne5 11.a4 a5 12.Ra3 g6 13.Rb3 Qa7 14.Qd2 Bg7 15.Nce2
O-O 16.Qg5 Rfe8 17.h4 Nc4 18.Rd3 e5 19.Nxc6 Bxc6 20.Rc3 d5 21.b3 dxe4 22.
Rxc4 Bd5 23.Be3 Qd7 24.Rc3 exf3 25.gxf3 Bxf3 26.h5 Bxh1 0-1

[Event "Xtracon Chess Open 2018"]
[Site "Elsinore"]
[Date "2018.07.23"]
[Round "4"]
[White "Kreken, Eivind Grunt"]
[Black "Schrodt, Sebastian"]
[Result "0-1"]
[WhiteElo "1626"]
[BlackElo "1955"]
[EventDate "2018.07.21"]
[WhiteFideId "1532359"]
[BlackFideId "24675563"]

1.c4 Nf6 2.Nc3 g6 3.g3 Bg7 4.Bg2 O-O 5.Nf3 d6 6.O-O Re8 7.d4 c6 8.e4 Qc7 
9.h3 Nbd7 10.Be3 e5 11.d5 a6 12.a4 Rb8 13.Qd3 h6 14.b4 c5 15.b5 a5 16.Ne1 
Nb6 17.Ra2 Nh5 18.Kh2 f5 19.f4 Qe7 20.Nf3 exf4 21.Bxf4 Nxf4 22.gxf4 fxe4 
23.Nxe4 Qxe4 24.Qxe4 Rxe4 25.Ne5 Rxf4 26.Nxg6 Rxf1 27.Bxf1 Be5+ 28.Nxe5 
dxe5 29.Rf2 Nxa4 30.d6 Bd7 31.Ra2 Nb6 32.Rxa5 Ra8 33.Rxa8+ Nxa8 34.Bg2 Bc8
35.Kg3 Nb6 36.Kh4 Nxc4 37.Bd5+ Kg7 38.Bxc4 b6 39.Bd5 Kf6 40.Kg3 Bd7 41.Bc4
Be6 42.Bd3 e4 43.Bxe4 Ke5 44.Bg6 Kxd6 45.h4 c4 46.Kf4 Bd7 47.Bc2 Bxb5 48.
Kf5 Be8 49.Kf6 b5 50.Kg7 h5 51.Kh6 b4 52.Bd1 b3 53.Kg5 b2 54.Bc2 Ke5 55.
Bb1 c3 56.Bd3 Bb5 0-1

[Event "Xtracon Chess Open 2018"]
[Site "Elsinore"]
[Date "2018.07.23"]
[Round "4"]
[White "Knudsen, Martin Mosgaard"]
[Black "Jorgensen, Alexander Torp"]
[Result "0-1"]
[WhiteElo "1590"]
[BlackElo "1803"]
[EventDate "2018.07.21"]
[WhiteFideId "1436937"]
[BlackFideId "1434187"]

1.d4 Nf6 2.Bf4 c5 3.d5 b5 4.a4 Bb7 5.axb5 Nxd5 6.Bg3 g6 7.e4 Nb6 8.f3 Bg7 
9.c3 O-O 10.Nd2 d6 11.Nh3 Qc8 12.Qb3 N8d7 13.Be2 Kh8 14.O-O Bh6 15.Rfd1 
Be3+ 16.Kh1 Bxd2 17.Rxd2 c4 18.Qb4 Qc5 19.Bxd6 exd6 20.Rxd6 Qxb4 21.cxb4 
f5 22.exf5 Rxf5 23.Bxc4 Nxc4 24.Rxd7 Rxb5 25.Ng5 Rxg5 26.Rxb7 Rd5 27.b3 
Rad8 28.h3 Rd1+ 29.Rxd1 Rxd1+ 30.Kh2 Nd2 31.Rxa7 Nxb3 32.b5 Rb1 33.Ra8+ 
Kg7 34.Rb8 Nd4 35.b6 Rb2 36.Kg3 Ne2+ 37.Kh2 Nf4 38.Kg3 g5 39.Kh2 Rxg2+ 40.
Kh1 Rb2 41.Rb7+ Kg6 42.Rb8 Nxh3 43.b7 Kh6 0-1

[Event "Xtracon Chess Open 2018"]
[Site "Elsinore"]
[Date "2018.07.23"]
[Round "4"]
[White "Tolba, Henri"]
[Black "Jensen, Torben W."]
[Result "1/2-1/2"]
[WhiteElo "1751"]
[BlackElo "1615"]
[EventDate "2018.07.21"]
[WhiteFideId "1418246"]
[BlackFideId "1515942"]

1.d4 d5 2.Bf4 c6 3.Nf3 g6 4.e3 Bg7 5.c4 Nf6 6.Nc3 O-O 7.cxd5 cxd5 8.Be2 a6
9.O-O Nc6 10.Ne5 Ne4 11.Nxc6 bxc6 12.Nxe4 dxe4 13.Qc2 Qb6 14.Qxe4 e5 15.
dxe5 Bf5 16.Qc4 Qxb2 17.Bd3 Be6 18.Qc1 Qb6 19.Rb1 Qc7 20.Bc4 Rfe8 21.Bxe6 
Rxe6 22.Rd1 Bxe5 23.Bxe5 Rxe5 24.Rd2 c5 25.Rdb2 Re7 26.Qc4 Rd7 27.g3 Qe5 
28.Rb7 Re7 29.Rxe7 Qxe7 30.Rc1 Rb8 31.Qxa6 Qe4 32.Qc4 Qxc4 33.Rxc4 Rb5 34.
Kg2 Kf8 35.Kf3 Ke7 36.g4 Ke6 37.a4 Ra5 38.Ke2 f5 39.g5 Kd5 40.Kd3 Ra8 41.
f3 Rb8 42.e4+ fxe4+ 43.fxe4+ Kd6 44.Kc2 Rb7 45.h4 Rb8 46.a5 Kc6 47.Ra4 Kb5
48.Ra1 Ka6 49.Rf1 Rb7 50.Kc3 Rd7 51.e5 Re7 52.Re1 Kxa5 53.Kc4 Kb6 54.Kd5 
Kc7 55.e6 Kd8 56.Kxc5 Ra7 57.Kd6 Ra6+ 58.Ke5 Ke7 59.Kf4 1/2-1/2

[Event "Xtracon Chess Open 2018"]
[Site "Elsinore"]
[Date "2018.07.23"]
[Round "4"]
[White "Larsen, Arne Walther"]
[Black "Rasmussen, Ole"]
[Result "1/2-1/2"]
[WhiteElo "1750"]
[BlackElo "1577"]
[EventDate "2018.07.21"]
[WhiteFideId "1411357"]
[BlackFideId "1417118"]

1.Nf3 Nf6 2.g3 d5 3.Bg2 c6 4.d3 Nbd7 5.Nbd2 e5 6.c3 Be7 7.O-O O-O 8.e4 
dxe4 9.dxe4 Re8 10.Qc2 Bc5 11.b4 Bf8 12.Nc4 Qc7 13.Ne3 Nb6 14.a3 a5 15.Rb1
axb4 16.cxb4 Bd7 17.Rd1 Be6 18.Bb2 Nfd7 19.Ng5 h6 20.Nxe6 Rxe6 21.Bh3 Rd6 
22.Rxd6 Bxd6 23.Rd1 Nf6 24.Qd3 Bf8 25.Bg2 Na4 26.Ba1 Nb6 27.Bb2 Na4 28.Ba1
Nb6 1/2-1/2

[Event "Xtracon Chess Open 2018"]
[Site "Elsinore"]
[Date "2018.07.23"]
[Round "4"]
[White "Joensen, Sigurd"]
[Black "Lindgaard, Tobias Simon"]
[Result "1-0"]
[WhiteElo "1515"]
[BlackElo "1746"]
[EventDate "2018.07.21"]
[WhiteFideId "7200935"]
[BlackFideId "1419820"]

1.e4 Nc6 2.Nc3 Nf6 3.Nf3 d6 4.d3 g6 5.h3 Bg7 6.Rb1 O-O 7.a3 b6 8.Be2 Bb7 
9.O-O Nd7 10.Nd5 h6 11.Bd2 e5 12.Qc1 Kh7 13.c3 Rc8 14.Nh2 f5 15.exf5 gxf5 
16.Bf3 Rg8 17.Ne3 Qf6 18.Nxf5 Nc5 19.Nxg7 Qxg7 20.Qc2 Qxg2+ 21.Bxg2 Nd4 
22.Ng4 Nxc2 23.Bxb7 Nxb7 24.Kh2 Rcf8 25.Nxh6 Rg6 26.Ng4 Nc5 27.Rbc1 Nxa3 
28.bxa3 Nxd3 29.Rc2 Rf5 30.Be3 Rh5 31.Kg3 e4 32.h4 Ne5 33.Bg5 Nf7 34.Nf6+ 
Kh8 35.Nxh5 Nxg5 36.hxg5 1-0

[Event "Xtracon Chess Open 2018"]
[Site "Elsinore"]
[Date "2018.07.23"]
[Round "4"]
[White "Sorokin, Artem"]
[Black "Damm, Henrik"]
[Result "1-0"]
[WhiteElo "1660"]
[BlackElo "1567"]
[EventDate "2018.07.21"]
[WhiteFideId "44133561"]
[BlackFideId "1425013"]

1.e4 c5 2.Nf3 Nc6 3.d4 cxd4 4.Nxd4 g6 5.Nc3 Bg7 6.Be3 d6 7.Bc4 Nf6 8.f3 
O-O 9.Bb3 a6 10.O-O Na5 11.Qd2 Nxb3 12.axb3 Bd7 13.b4 b5 14.Ra5 Qc8 15.
Rfa1 Qb7 16.Nde2 Rfc8 17.Nf4 Ne8 18.Nfd5 Kf8 19.Nb6 Qc6 20.Nxa8 Rxa8 21.
Nd5 Nc7 22.Nxc7 Qxc7 23.Rxa6 Rxa6 24.Rxa6 Bxb2 25.Ra8+ Bc8 26.Bd4 Bxd4+ 
27.Qxd4 Kg8 28.c3 h5 29.h3 Kh7 30.Kh1 Qc6 31.Qd5 Qxd5 32.exd5 Bb7 33.Rb8 
Bxd5 34.Rxb5 Bc6 35.Rb6 Bd5 36.b5 Bc4 37.Rb7 e5 38.b6 Kg7 39.Rc7 Bd5 40.c4
Ba8 41.b7 Bxb7 42.Rxb7 1-0

[Event "Xtracon Chess Open 2018"]
[Site "Elsinore"]
[Date "2018.07.23"]
[Round "4"]
[White "Kristiansen, Elias V."]
[Black "Shehzad, Alisha"]
[Result "1-0"]
[WhiteElo "1163"]
[BlackElo "1650"]
[EventDate "2018.07.21"]
[WhiteFideId "1530003"]
[BlackFideId "1521926"]

1.d4 d5 2.c4 c6 3.Nc3 Nf6 4.Bg5 e6 5.e3 Nbd7 6.cxd5 cxd5 7.Bb5 Be7 8.Nf3 
h6 9.Bf4 O-O 10.Rc1 a6 11.Ba4 b5 12.Bb3 Bb7 13.a3 Rc8 14.O-O Nb6 15.Ne5 
Nc4 16.Bxc4 dxc4 17.Ng4 Qb6 18.Nxf6+ Bxf6 19.Qg4 Kh8 20.Ne2 Qc6 21.b3 Qd5 
22.bxc4 Rxc4 23.f3 Bc8 24.Qg3 Qd8 25.Rxc4 bxc4 26.Be5 Bxe5 27.Qxe5 Bb7 28.
Qc5 Qc8 29.Rc1 Qxc5 30.dxc5 a5 31.Rxc4 Ba6 32.Rc2 Bxe2 33.Rxe2 Rc8 34.Rc2 
Rc6 35.Kf2 Kg8 36.e4 Kf8 37.Ke3 Ke7 38.f4 Kd7 39.Kd4 Rc8 40.Rb2 Rd8 41.Kc4
g5 42.Rd2+ Kc7 43.Rxd8 Kxd8 44.fxg5 hxg5 45.Kb5 f5 46.exf5 exf5 47.Kc4 g4 
48.g3 Kc7 49.Kb5 Kb7 50.Kxa5 Kc6 51.Kb4 Kd5 52.a4 Ke4 53.c6 Kf3 54.c7 Kg2 
55.c8=Q Kxh2 56.Qxf5 Kxg3 57.a5 Kh2 58.Qxg4 Kh1 59.Kc3 Kh2 60.Kd3 Kh1 61.
Ke2 Kh2 62.Kf2 Kh1 63.Qg2# 1-0

[Event "Xtracon Chess Open 2018"]
[Site "Elsinore"]
[Date "2018.07.23"]
[Round "4"]
[White "Jorgensen, Orla Eilegaard"]
[Black "Schnell, Andrea"]
[Result "1-0"]
[WhiteElo "1639"]
[BlackElo "1270"]
[EventDate "2018.07.21"]
[WhiteFideId "1413368"]
[BlackFideId "16208587"]

1.e4 c6 2.d4 d5 3.e5 Bf5 4.Nc3 e6 5.g4 Bg6 6.a3 h6 7.h4 h5 8.g5 Ne7 9.Nf3 
Nd7 10.Bd3 Qb6 11.Na4 Qc7 12.c4 b5 13.cxb5 cxb5 14.Bxb5 Nf5 15.b4 Be7 16.
Bd2 O-O 17.Rc1 Qb7 18.Bc6 Qc8 19.Bxd5 Qd8 20.Bxa8 Qxa8 21.O-O Rc8 22.Qb3 
Bd8 23.Rxc8 Qxc8 24.Rc1 Qb7 25.Nc5 Nxc5 26.Rxc5 Ne7 27.Be1 Be4 28.Nd2 Bd5 
29.Qd3 Nf5 30.f3 Bb6 31.Ne4 Bxc5 32.Nxc5 Qc6 33.b5 Qc8 34.a4 g6 35.a5 Qc7 
36.a6 Qc8 37.Kg2 Kf8 38.Qa3 Ke8 39.Qa4 Ne3+ 40.Kf2 Nc4 41.b6+ Bc6 42.Qxc4 
axb6 43.Nb7 Qc7 44.Bb4 Kd7 45.Nd6 Qa7 46.Nxf7 b5 47.Qc5 Qxc5 48.Bxc5 Ke8 
49.Nd6+ Kd7 50.a7 Kc7 51.Nxb5+ Kb7 52.Nd6+ Kc7 53.Nf7 Kb7 54.Nd8+ 1-0

[Event "Xtracon Chess Open 2018"]
[Site "Elsinore"]
[Date "2018.07.23"]
[Round "4"]
[White "Skovgaard, Ib"]
[Black "Hjornevik, Oyvind"]
[Result "0-1"]
[WhiteElo "1934"]
[BlackElo "1414"]
[EventDate "2018.07.21"]
[WhiteFideId "1406760"]
[BlackFideId "1516159"]

1.e4 e5 2.Nf3 Nf6 3.Nc3 Nc6 4.a4 a6 5.Bc4 Bc5 6.d3 O-O 7.Bg5 Bb4 8.O-O 
Bxc3 9.bxc3 d6 10.Rb1 Na5 11.Ba2 Bd7 12.d4 h6 13.Bxf6 Qxf6 14.dxe5 Qf4 15.
exd6 Bxa4 16.Rb4 Bb5 17.e5 Bc4 18.dxc7 b5 19.Bxc4 Nxc4 20.Qd4 Qf5 21.Rd1 
Qxc2 22.h3 Qf5 23.Qc5 Qc2 24.Qd4 Rac8 25.Ra1 Ra8 26.Ne1 Qf5 27.Nd3 Rfc8 
28.Rxb5 Rxc7 29.Rd5 Kh7 30.Nc5 Nb6 31.Rd6 Rac8 32.Nxa6 Rxc3 33.Rxb6 Rd3 
34.Qg4 Qxe5 35.Rab1 Rdc3 36.Qd1 Qg5 37.Qd4 Rxh3 38.Qe4+ g6 39.Rc6 Rh4 40.
Qf3 Rf8 41.Qc3 Qh5 42.f3 Rh1+ 43.Kf2 Qh4+ 44.Ke3 Re8+ 45.Kd3 Qd8+ 46.Qd4 
Rxb1 0-1

[Event "Xtracon Chess Open 2018"]
[Site "Elsinore"]
[Date "2018.07.23"]
[Round "4"]
[White "Andreasen, Jon S."]
[Black "Stromhaug, Kristoffer Wang"]
[Result "0-1"]
[WhiteElo "1736"]
[BlackElo "1502"]
[EventDate "2018.07.21"]
[WhiteFideId "7201400"]
[BlackFideId "1533401"]

1.b3 e5 2.Bb2 Nc6 3.e3 d6 4.Bb5 a6 5.Bxc6+ bxc6 6.Ne2 g6 7.O-O Bg7 8.f4 
Ne7 9.fxe5 dxe5 10.d3 O-O 11.Nd2 Bb7 12.e4 Qd7 13.Nc4 f6 14.Ba3 Rab8 15.
Bc5 Rf7 16.Ng3 Nc8 17.Ne3 Nb6 18.Ng4 Rd8 19.Be3 Kh8 20.Kh1 Bc8 21.h3 f5 
22.Nh6 Bxh6 23.Bxh6 f4 24.Qf3 Qe7 25.Ne2 Qh4 26.Bxf4 exf4 27.Rf2 g5 28.
Rff1 g4 29.Qf2 Qxf2 30.Rxf2 gxh3 31.gxh3 Bxh3 32.Nxf4 Rdf8 33.Nxh3 Rxf2 
34.Nxf2 Rxf2 35.Rc1 Kg7 36.a4 Kf6 37.a5 Nd7 38.d4 c5 39.c3 Rb2 40.b4 Re2 
41.Rf1+ Ke6 42.d5+ Ke7 43.Rb1 Rxe4 44.b5 axb5 45.Rxb5 Ra4 46.Rb7 Rxa5 47.
Rxc7 Ra3 48.Rc6 Rxc3 49.Rh6 Nf6 50.d6+ Kf7 51.d7 Rd3 0-1

[Event "Xtracon Chess Open 2018"]
[Site "Elsinore"]
[Date "2018.07.23"]
[Round "4"]
[White "Mielow, Bjarne"]
[Black "Morling, Aase"]
[Result "1-0"]
[WhiteElo "1730"]
[BlackElo "1476"]
[EventDate "2018.07.21"]
[WhiteFideId "1415484"]
[BlackFideId "1440993"]

1.Nf3 Nf6 2.b3 d5 3.Bb2 e6 4.g3 b6 5.Bg2 Bb7 6.O-O Be7 7.d3 O-O 8.Nbd2 
Nbd7 9.a3 c5 10.d4 cxd4 11.Nxd4 Rc8 12.c4 a6 13.cxd5 Bxd5 14.e4 Bb7 15.b4 
b5 16.Rc1 Rxc1 17.Qxc1 Qc8 18.Qb1 Nb6 19.Rc1 Nc4 20.Nxc4 bxc4 21.Qc2 Qd7 
22.e5 Bxg2 23.Kxg2 Qb7+ 24.Kg1 Nd5 25.Qxc4 Nb6 26.Qc6 Qb8 27.Qc7 Qxc7 28.
Rxc7 Bg5 29.Rc6 Rb8 30.Nf3 Be7 31.Bd4 Bd8 32.Nd2 Kf8 33.Nb3 Rc8 34.Rxc8 
Nxc8 35.Nc5 a5 36.Nb7 axb4 37.Nxd8 bxa3 38.Nb7 Ke7 39.Bc5+ Kd7 40.Bxa3 Kc6
41.Nd8+ Kd5 42.Nxf7 Nb6 43.f4 Nc4 44.Bb4 Ne3 45.h3 Nf5 46.Kf2 g6 47.Ba5 
Nd4 48.Bb6 Nf5 49.g4 Ne7 50.Kf3 Nc8 51.Bf2 Ne7 52.h4 Nc6 53.Bb6 Ne7 54.Bd8
Nc6 55.Bg5 Nd4+ 56.Ke3 Nc2+ 57.Kd2 Nd4 58.Kd3 Nc6 59.Ke3 Nd4 60.Bh6 Nc2+ 
61.Kf2 Nd4 62.Ng5 Nc6 63.Nxh7 Ne7 64.Bg5 Nc6 65.Nf8 Nb4 66.Nxg6 Nd3+ 67.
Kg3 Ke4 68.h5 Nc5 69.h6 Nd7 70.h7 1-0

[Event "Xtracon Chess Open 2018"]
[Site "Elsinore"]
[Date "2018.07.23"]
[Round "4"]
[White "Tarakanov, Vladislav"]
[Black "Horslund, Mikael"]
[Result "1-0"]
[WhiteElo "1380"]
[BlackElo "1714"]
[EventDate "2018.07.21"]
[WhiteFideId "54149010"]
[BlackFideId "1421042"]

1.e4 c5 2.Nf3 d6 3.d4 cxd4 4.Nxd4 Nf6 5.Nc3 g6 6.Be2 Bg7 7.O-O O-O 8.Be3 
Bd7 9.Rb1 Nc6 10.Nb3 Rc8 11.Qd2 Ne5 12.f4 Nc4 13.Bxc4 Rxc4 14.Qd3 Rc8 15.
Kh1 b6 16.f5 Qc7 17.fxg6 hxg6 18.Bg5 Be6 19.Rf4 Nh7 20.Qg3 Be5 21.Rbf1 
Nxg5 22.Qxg5 Bxf4 23.Rxf4 Kg7 24.Nd4 Qd7 25.Nf5+ Bxf5 26.exf5 Rh8 27.f6+ 
exf6 28.Qxf6+ Kg8 29.h3 Qe6 30.Qd4 Qe1+ 31.Kh2 Qe5 32.Kh1 Qxd4 33.Rxd4 Rc6
34.Rd2 Rh5 35.Ne4 Kg7 36.Nxd6 Re5 37.b3 Re6 38.Nc4 Rc8 39.Kg1 Kf6 40.Nd6 
Rc7 41.Rf2+ Kg7 42.Nc4 b5 43.Na3 Re1+ 44.Kh2 a6 45.c4 b4 46.Nc2 Rc1 47.
Nxb4 Re7 48.Nxa6 Ree1 49.Nc7 f5 50.Nd5 Kh6 51.Kg3 Re5 52.Kh2 Kg5 53.Nf4 
Re4 54.Nd3 Rc3 55.Nb4 f4 56.Nd5 Rc1 57.h4+ Kxh4 58.Nxf4 g5 59.Nd5 Ree1 60.
g3+ Kh5 61.Nf6+ Kg6 62.Ng4 Rh1+ 63.Kg2 Rh8 64.Ne5+ 1-0

[Event "Xtracon Chess Open 2018"]
[Site "Elsinore"]
[Date "2018.07.23"]
[Round "4"]
[White "Nielsen, Peter"]
[Black "Gade, Jens"]
[Result "0-1"]
[WhiteElo "1707"]
[BlackElo "1465"]
[EventDate "2018.07.21"]
[WhiteFideId "1707485"]
[BlackFideId "1416111"]

1.d4 Nf6 2.Bf4 d6 3.Nc3 g6 4.e4 Bg7 5.Be2 O-O 6.h3 a6 7.Nf3 b5 8.a3 Bb7 9.
Qd3 Nc6 10.O-O Nd7 11.Rad1 e5 12.dxe5 Ndxe5 13.Nxe5 dxe5 14.Be3 Qxd3 15.
Rxd3 Rad8 16.Rfd1 Rxd3 17.Bxd3 Nd4 18.f3 Rd8 19.Bxd4 exd4 20.Ne2 c5 21.b3 
Bh6 22.f4 Rc8 23.c3 c4 24.bxc4 bxc4 25.Bb1 d3 26.Bxd3 cxd3 27.Rxd3 Bxe4 
28.Rd6 Bc6 29.g3 Bf8 0-1

[Event "Xtracon Chess Open 2018"]
[Site "Elsinore"]
[Date "2018.07.23"]
[Round "4"]
[White "Larsen, Mette Dalsgaard"]
[Black "Stage, Mathias Juul"]
[Result "1-0"]
[WhiteElo "1682"]
[BlackElo "1447"]
[EventDate "2018.07.21"]
[WhiteFideId "1430718"]
[BlackFideId "1463306"]

1.d4 d5 2.c4 e6 3.e3 Nf6 4.Nf3 Be7 5.Bd3 O-O 6.Nbd2 b6 7.O-O Bb7 8.b3 Nbd7
9.Bb2 Ne4 10.Rc1 f5 11.Qc2 Ndf6 12.Ne5 Bb4 13.Ndf3 Qe7 14.cxd5 Nxd5 15.Nc6
Qd7 16.Nfe5 Qd6 17.Bxe4 fxe4 18.Qxe4 Ne7 19.Nxe7+ 1-0

[Event "Xtracon Chess Open 2018"]
[Site "Elsinore"]
[Date "2018.07.23"]
[Round "4"]
[White "Larsen, Hans Haagen"]
[Black "Jensen, Johannes Frank"]
[Result "1-0"]
[WhiteElo "1679"]
[BlackElo "1354"]
[EventDate "2018.07.21"]
[WhiteFideId "1409557"]
[BlackFideId "1457942"]

1.e4 d5 2.e5 Nc6 3.d4 Bf5 4.Bd3 Qd7 5.c3 Bxd3 6.Qxd3 Qg4 7.Qf3 Qg6 8.Ne2 
e6 9.Nf4 Qc2 10.O-O O-O-O 11.a4 Nh6 12.b4 a6 13.Na3 Qb3 14.b5 axb5 15.Nxb5
Kb8 16.Ba3 Bxa3 17.Rxa3 Qc2 18.Qd3 Qb2 19.Rb1 Qxa3 20.Nxa3 Na5 21.Qa6 b6 
22.Qxa5 Kc8 23.Qb5 Rd7 24.a5 Kd8 25.axb6 cxb6 26.Qxb6+ Ke7 27.Qc5+ Ke8 28.
Rb8+ Rd8 29.Qc6+ Ke7 30.Rb7+ Kf8 31.Qc5+ Ke8 32.Qe7# 1-0

[Event "Xtracon Chess Open 2018"]
[Site "Elsinore"]
[Date "2018.07.23"]
[Round "4"]
[White "Svane, Freja"]
[Black "Schouten, Ken Ronny"]
[Result "1-0"]
[WhiteElo "1608"]
[BlackElo "1309"]
[EventDate "2018.07.21"]
[WhiteFideId "12940100"]
[BlackFideId "1533010"]

1.d4 Nf6 2.c4 g6 3.Nc3 d6 4.e4 Nbd7 5.Be2 c5 6.d5 Bg7 7.Nf3 O-O 8.Be3 Ng4 
9.Bd2 a6 10.h3 Nge5 11.a4 Nb6 12.b3 Nxf3+ 13.Bxf3 e6 14.O-O exd5 15.exd5 
Re8 16.Rc1 Nd7 17.Bf4 Ne5 18.Re1 Qf6 19.Bxe5 Rxe5 20.Ne4 Qe7 21.Re2 Bd7 
22.Qd3 Re8 23.Rce1 f5 24.Ng3 Qh4 25.Qd2 Rxe2 26.Rxe2 Rxe2 27.Nxe2 Kf7 28.
Qa5 Bc8 29.Qc7+ Qe7 30.Qxc8 g5 31.Qxf5+ 1-0

[Event "Xtracon Chess Open 2018"]
[Site "Elsinore"]
[Date "2018.07.23"]
[Round "4"]
[White "Tonnesen, Jan Ryder"]
[Black "Thybo, Jan"]
[Result "1-0"]
[WhiteElo "1604"]
[BlackElo "1272"]
[EventDate "2018.07.21"]
[WhiteFideId "1461869"]
[BlackFideId "1438824"]

1.e4 e5 2.Nf3 Nc6 3.Bc4 Bc5 4.O-O Nf6 5.d3 O-O 6.Bg5 Be7 7.c3 a6 8.a4 d6 
9.h3 Na5 10.Ba2 Be6 11.b4 Bxa2 12.Rxa2 Nc6 13.Nbd2 Nd7 14.Be3 Bf6 15.Qb3 
Ne7 16.d4 Ng6 17.d5 c6 18.c4 c5 19.bxc5 Nxc5 20.Bxc5 dxc5 21.Qxb7 Be7 22.
Qb2 Bd6 23.Qc3 f5 24.Rb2 f4 25.Rfb1 Nh4 26.Nxh4 Qxh4 27.Nf3 Qd8 28.Rb7 Rb8
29.Rxb8 Bxb8 30.Qb2 Qa5 31.Qc2 Bd6 32.Kf1 Rb8 33.Rxb8+ Bxb8 34.Ng5 Qd8 35.
Ne6 Qe8 36.Nxc5 a5 37.Ne6 Qc8 38.Qb3 Bd6 39.Qb5 Bb4 40.Qc6 1-0

[Event "Xtracon Chess Open 2018"]
[Site "Elsinore"]
[Date "2018.07.23"]
[Round "4"]
[White "Persson, Lars 1958"]
[Black "Hinrichs, Kurt"]
[Result "1-0"]
[WhiteElo "1588"]
[BlackElo "1223"]
[EventDate "2018.07.21"]
[WhiteFideId "1742469"]
[BlackFideId "12994057"]

1.b3 d6 2.Bb2 e5 3.e3 Nf6 4.d3 Be7 5.Nd2 O-O 6.g3 c5 7.Bg2 Nc6 8.Ne2 Re8 
9.O-O d5 10.d4 exd4 11.exd4 Rb8 12.dxc5 Bxc5 13.Nf4 Bg4 14.Bxf6 Bxd1 15.
Bxd8 Bxc2 16.Bc7 Rbc8 17.Nxd5 Bd3 18.Rfe1 Bb4 19.Nxb4 Nxb4 20.Rxe8+ Rxe8 
21.Bf4 b5 22.Bf1 Nc2 23.Rc1 Bxf1 24.Nxf1 Ne1 25.Be3 Nf3+ 26.Kg2 Ne5 27.
Bxa7 h6 28.Re1 1-0